00851cam a2200313 c 4500001000800000003000900008005001700017007000800034008004100042015000600083017000900089020001800098035000600116040002500122080000600147080000600153082002700159100003200186245004700218250001400265260003600279300001900315490002700334500003400361500004300395586003700438600003500475830002700510a50562 DO-SdBNP20171121134051.0a50562 110601s2011 sp | |||| 001 0aspa  a  a b  a9788466320047 a  aBPMSUbspacBPMSUe  a  a  42 a928.61bV297p, 20111 aVargas Llosa, Mario,d1936-13aEl pez en el agua /h cMario Vargas Llosa a 2a. ed.  a[Madrid] : bSantillana, c2011 a618 p.:c19 cm1 aPunto de lecturav4/16 aIncluye índice onomástico aIncluye datos biográficos del autor  aPremio Nobel de Literatura, 201017aVARGAS LLOSA, MARIO,d1936-2  0aPunto de lecturav4/16